000 00782nam a2200253 a 4500
001
003 DO-SdBNP
005 20220120122702.0
008 130417s2000 dr 000 0 spa d
020 _a9993410195
040 _aDO-SdBNP
_bspa
_cBPMSU
082 _aRD863.44
_bC957l
_222
100 1 _aCruz Diloné, Angel A.
245 1 0 _aL´aijorrá y otros cuentos /
_cÁngel A. Cruz Diloné.
260 _aSanto Domingo :
_bAlfa & Omega,
_c2000.
300 _a99 p. ;
_c20 cm.
500 _aCon la participación inédita de Don Juan Bosch
500 _aIncluye datos biográficos del autor en la solapa de la cubierta
590 _6Inventariado, 2022/VM
650 4 _aCuentos dominicanos
650 4 _aLiteratura dominicana
910 _aVMateo V.
942 _2ddc
_cBK
999 _c13972
_d13972